Statistiques concernant Régions aux pays

Cliquez ici pour prendre le quiz!

Statistiques générales

  • Ce quiz a été pris 187 fois
  • Le résultat moyen est 12 sur 18

Statistiques - réponses

RegionPays% Correct
TibetChine
96%
SicileItalie
96%
FlandreBelgique
92%
TahitiFrance
92%
TransylvanieRoumanie
92%
Grande CanarieEspagne
88%
SinaïEgypte
77%
TabascoMexique
69%
AnatolieTurquie
69%
ÅlandFinlande
68%
KamtchatkaRussie
66%
GuamEtats-Unis
58%
GoaInde
53%
HainanChine
50%
GotlandSuede
50%
BurgenlandAutriche
38%
MoravieRepublique Tcheque
38%
FrisePays-bas
36%

Distribution des résultats

Percentile par nombre de réponses

% des personnes avec chaque résultat

Votre développement - résultats

Vous n’avez pas pris ce quiz